000 00765nam a2200193Ia 4500
008 151119s9999||||xx |||||||||||||| ||und||
082 _a891.46309
082 _bGKKV1052
100 _aबांदिवडेकर चंद्रकांत
245 _aमराठी कादंबरी चितन आणि समिक्षा
260 _a--
260 _b--
260 _c1983
600 _aबांदिवडेकर चंद्रकांत
630 _aमराठी कादंबरी चितन आणि समिक्षा
700 _aबांदिवडेकर चंद्रकांत
730 _aमराठी कादंबरी चितन आणि समिक्षा
942 _cBOOK
999 _c1057601
_d1057598